00677nam a22001937a 450000500170000001000150001702000260003203500130005803700130007108200190008424501600010326000450026327000630030830000240037150000190039570000210041470000250043570000230046020140305150740.0 aENG-108754 c700.00a9788183640893 aEN-92287 bDBAD/PUB a303.4840954163 aPerspectives on Northeast India :cedited by Sanjay Pulipaka, Rakhee Bhattacharya [and] Sarit K. Chaudhuribtradition and modernity in Arunachal Pradesh / aNew DelhibAnshah Publishing Housec2013 aLG 18-19, Pankaj Central Market, PatparganjbDelhie110092 avi,234p. c22cm(Hb) aIncludes index aPulipaka, Sanjay aBhattacharya, Rakhee aChaudhuri,Sarit K.